书目信息 |
| 题名: |
土工合成材料应用手册
|
|
| 作者: | 瑞士土工合成材料专业人士联盟原 著 | |
| 分册: | ||
| 出版信息: | 北京 中国标准出版社 1999.07 |
|
| 页数: | 319页 | |
| 开本: | 16开 | |
| 丛书名: | ||
| 单 册: | ||
| 中图分类: | TU52-62 | |
| 科图分类: | ||
| 主题词: | 建筑材料:非金属材料 | |
| 电子资源: | ||
| ISBN: | 7-5066-1905-9 | |
| 000 | 00680nam0 2200193 45 | |
| 001 | 0010021119 | |
| 005 | 20001002112304.1 | |
| 010 | @a7-5066-1905-9@d60.00元 | |
| 100 | @a20001002d1999 km y0chiy0120 ea | |
| 101 | 0 | @achi |
| 105 | @a z 000yy | |
| 200 | 1 | @a土工合成材料应用手册@ATu Gong He Cheng Cai Liao Ying Yong Shou Ce@f瑞士土工合成材料专业人士联盟原著@FRui Shi Tu Gong He Cheng Cai Liao Zhuan Ye Ren Shi Lian Meng Yuan Zhu |
| 210 | @a北京@c中国标准出版社@d1999.07 | |
| 215 | @a319页@d16开 | |
| 606 | 0 | @a建筑材料:非金属材料 |
| 690 | @aTU52-62@v3 | |
| 701 | 0 | @a瑞士土工合成材料专业人士联盟原@4著 |
| 801 | @aCN@bPftUser@c20001002 | |
| 905 | @b161726-730@dTU52-62@eR:847@f5 | |
| 土工合成材料应用手册/瑞士土工合成材料专业人士联盟原著.-北京:中国标准出版社,1999.07 |
| 319页;16开 |
| ISBN 7-5066-1905-9:60.00元 |
| ● |
| 相关链接 |
|
|
|
正题名:土工合成材料应用手册
索取号:TU52-62/R:847
 
预约/预借
| 序号 | 登录号 | 条形码 | 馆藏地/架位号 | 状态 | 备注 |
| 1 | 161726 | 201617269 | 建筑库201/201建筑库 6排4列1层/ [索取号:TU52-62/R:847] | 在馆 | |
| 2 | 161727 | 201617278 | 建筑库201/201建筑库 6排4列1层/ [索取号:TU52-62/R:847] | 在馆 | |
| 3 | 161728 | 201617287 | 建筑库201/201建筑库 6排4列1层/ [索取号:TU52-62/R:847] | 在馆 | |
| 4 | 161729 | 201617296 | 建筑库201/201建筑库 6排4列1层/ [索取号:TU52-62/R:847] | 在馆 | |
| 5 | 161730 | 201617303 | 建筑库201/201建筑库 6排4列1层/ [索取号:TU52-62/R:847] | 在馆 |